Ek onkar satnam : (Record no. 5857)

MARC details
000 -LEADER
fixed length control field 00528 a2200169 4500
010 ## - LCCN (DPL NO)
LC control number ENG-86984
020 ## - INTERNATIONAL STANDARD BOOK NUMBER
International Standard Book Number 812881403
Terms of availability 395.00
035 ## - SYSTEM CONTROL NUMBER
System control number EN-70517
037 ## - SOURCE OF ACQUISITION
Source of stock number/acquisition DBAD / PUB
082 14 - DEWEY DECIMAL CLASSIFICATION NUMBER
Classification number 260
100 1# - MAIN ENTRY--PERSONAL NAME
Personal name Nirchhal, Narinder
245 1# - TITLE STATEMENT
Title Ek onkar satnam :
Statement of responsibility, etc by Narinder Nirchhal
Remainder of title a book on sikhism /
260 ## - PUBLICATION, DISTRIBUTION, ETC. (IMPRINT)
Place of publication, distribution, etc New Delhi
Name of publisher, distributor, etc Diamond Pocket Books
Date of publication, distribution, etc 2007
270 ## - ADDRESS
Address X-30, Okhla Indl. Area, Phase-II,
City New Delhi
Postal code 110 020
300 ## - PHYSICAL DESCRIPTION
Extent 147p.
Dimensions 24cm (Hb)
Other physical details col. photos
942 ## - ADDED ENTRY ELEMENTS (KOHA)
Institution code [OBSOLETE] dpl
Item type English Books
Source of classification or shelving scheme Dewey Decimal Classification
Classification part 260
Call number suffix NIR
Holdings
Withdrawn status Lost status Not for loan Collection code Home library Current library Source of acquisition Cost, normal purchase price Full call number Barcode Copy number Cost, replacement price Koha item type
    Not For Loan Non-fiction D.B.Act.Division D.B.Act.Division DBAD/PUB 395.00 260 NIR EN-70517 1 395.00 English Books

© Delhi Public Library
Hit Counter
free hit counter